Desenhe a Costa do Mediterrâneo - Mapa - Statistics

Estatísticas Gerais
  • Esse quiz foi jogado 4 273 vezes
  • A pontuação média é 12 de 29
Respostas no mapa
Respostas codificadas por cores de uma escala verde-vermelha no mapa do quiz de acordo com a % correta abaixo.
 
Estatísticas das Respostas
País % Correto
Espanha
98%
Reino Unido (Gibraltar)
54%
França
46%
Itália
45%
Espanha
44%
Mônaco
44%
Croácia
43%
Eslovénia
43%
Bósnia e Herzegovina
42%
França
42%
Grécia
42%
Albânia
41%
Israel
41%
Montenegro
41%
Turquia
41%
Croácia (Dubrovnik)
40%
Egito
39%
Líbano
39%
Líbia
38%
Síria
38%
Tunísia
38%
Argélia
37%
Marrocos
36%
Espanha (Melilha)
33%
Marrocos
32%
Espanha (Ilhote de Vélez de la Gomera)
31%
Marrocos
31%
Espanha (Ceuta)
30%
Marrocos
30%
Nenhum quiz correspondente encontrado
Distribuição das Pontuações
Porcentagem de Pessoas com Cada Pontuação
Percentil de Números Respondidos
Sua Pontuação Histórica
Você não jogou esse quiz